Central Library OPAC University of Rajshahi

A structural introduction to chemistry / (Record no. 9946)

MARC details
000 -LEADER
fixed length control field 00659nam a22002172 4500
001 - CONTROL NUMBER
control field 9946
003 - CONTROL NUMBER IDENTIFIER
rucl marc code BD-RjUL
005 - DATE AND TIME OF LATEST TRANSACTION
control field 20211208234853.0
008 - FIXED-LENGTH DATA ELEMENTS--GENERAL INFORMATION
fixed length control field 140122r19611958enka 001 0 eng d
035 ## - SYSTEM CONTROL NUMBER
System control number (BD-RjUL)9992
-- OCLC ocm07652229 from D970904M
040 ## - CATALOGING SOURCE
Original cataloging agency PLF
Transcribing agency PLF
Modifying agency BD-RjUL
Language of cataloging eng
041 ## - LANGUAGE CODE
Language code of text/sound track or separate title eng
082 04 - DEWEY DECIMAL CLASSIFICATION NUMBER
Classification number 541
Author mark and year HAS 1961
100 1# - MAIN ENTRY--PERSONAL NAME
Personal name Harris, Ellis Thomas.
9 (RLIN) 30727
245 12 - TITLE STATEMENT
Title A structural introduction to chemistry /
Statement of responsibility, etc. E. T. Harris
260 ## - PUBLICATION, DISTRIBUTION, ETC. (IMPRINT)
Place of publication, distribution, etc. London :
Name of publisher, distributor, etc. Blackie,
Date of publication, distribution, etc. c1958 [reprint 1961].
300 ## - PHYSICAL DESCRIPTION
Pagination ix, 181 p. :
Illustrations illus. ;
Size 19 cm.
504 ## - BIBLIOGRAPHY, ETC. NOTE
Bibliography, etc Include index.
650 #0 - SUBJECT ADDED ENTRY--TOPICAL TERM
Topical term or geographic name as entry element Chemistry, Physical and theoretical.
9 (RLIN) 30728
942 ## - ADDED ENTRY ELEMENTS (KOHA)
Source of classification or shelving scheme Dewey Decimal Classification
Koha item type Books
Holdings
Lost status Source of classification or shelving scheme Damaged status Not for loan Collection code Permanent Location Current Location Shelving location Date acquired Source of acquisition Total Checkouts Full call number Date last seen Copy number Koha item type
  Dewey Decimal Classification   Not For Loan Non-fiction Central Library, University of Rajshahi Central Library, University of Rajshahi Reading Room 28/02/2062 Colombo Plan   541 HAS 1961 22/01/2014 C-1 Books